| 000 | 00511nam a2200145 a 4500 | ||
|---|---|---|---|
| 001 | 000032825 | ||
| 005 | 20240705073647.0 | ||
| 008 | 110726s1908 fr 000 0 spa d | ||
| 040 |
_aDO-SdBNP _bspa _cBNPHU |
||
| 082 |
_axxx _bH831l |
||
| 100 | 1 |
_aHostos, Eugenio María de, _d1839-1903 _91352 |
|
| 245 | 1 | 0 |
_aLecciones de derecho constitucional / _cEugenio María de Hostos. |
| 260 |
_aParís : _bSociedad de ediciones literarias y artísticas, _bLibrería Paul Ollendorff, _c1908. |
||
| 300 |
_axix, 482 p. ; _c23 cm. |
||
| 999 |
_c32316 _d32316 |
||